Jane Austen by First Sentence - Statistics

General Stats
  • This quiz has been taken 385 times
  • The average score is 6 of 6
Answer Stats
First Lines Title % Correct
*** Woodhouse, handsome, clever, and rich, with a comfortable home and happy disposition, seemed to unite some of the best blessings of existence; and had lived nearly twenty-one years in the world with very little to distress or vex her. Emma
100%
It is a truth universally acknowledged, that a single man in possession of a good fortune, must be in want of a wife. Pride and Prejudice
99%
Sir Walter Elliot, of Kellynch Hall, in Somersetshire, was a man who, for his own amusement, never took up any book but the Baronetage; there he found occupation for an idle hour, and consolation in a distressed one; there his faculties were roused into admiration and respect, by contemplating the limited remnant of the earliest patents; there any unwelcome sensations, arising from domestic affairs changed naturally into pity and contempt as he turned over the almost endless creations of the last century; and there, if every other leaf were powerless, he could read his own history with an interest which never failed. Persuasion
98%
The family of Dashwood had long been settled in Sussex. Sense and Sensibility
97%
No one who had ever seen Catherine Morland in her infancy would have supposed her born to be an heroine. Northanger Abbey
96%
About thirty years ago Miss Maria Ward, of Huntingdon, with only seven thousand pounds, had the good luck to captivate Sir Thomas Bertram, of ***, in the county of Northampton, and to be thereby raised to the rank of a baronet’s lady, with all the comforts and consequences of an handsome house and large income. Mansfield Park
94%
No matching quizzes found
Score Distribution
Percent of People with Each Score
Percentile by Number Answered
Your Score History
You have not taken this quiz